Coffee Cake - Benson Boone (All Lyrics) - Statistics

General Stats
  • This quiz has been taken 91 times
  • The average score is 196 of 270
Answer Stats
Answer % Correct
coffee
97%
the
95%
a
94%
I
94%
you
94%
You
94%
(you)
94%
by
92%
(by)
92%
for
92%
me
92%
be
90%
cake
90%
do
90%
every
90%
time
90%
talk
89%
talk
89%
to
89%
And
87%
day
87%
don't
87%
go
87%
in
87%
We
87%
on
86%
(on)
86%
what
86%
with
84%
Everybody
83%
everybody
83%
my
83%
days
81%
watch
81%
guy
79%
life
79%
need
79%
where
79%
Where
79%
lousy
78%
perfect
78%
some
78%
walk
78%
(Walk)
78%
meet
76%
their
76%
another
75%
know
75%
Over
75%
street
75%
waiting
75%
been
73%
could
73%
hope
73%
Let
73%
You've
73%
down
71%
hopes
71%
way
68%
your
68%
breakfast
67%
Guess
67%
Oh
67%
oh
67%
wouldn't
67%
Morning
65%
other
65%
people
65%
Nice
63%
passer
63%
place
63%
stay
63%
going
62%
any
60%
If
59%
ways
59%
At
57%
alone
56%
it
56%
Never
56%
never
56%
you're
52%
separate
51%
Separate
51%
think
51%
eyes
48%
inside
48%
leave
48%
wonder
48%
all
46%
All
46%
I've
46%
looking
46%
of
46%
(of)
46%
flower
44%
who's
44%
Did
43%
neck
43%
tattoo
43%
about
41%
Damn
41%
noticed
38%
through
38%
tell
37%
we'll
37%
bedroom
35%
each
35%
jokes
35%
now
35%
parents
35%
stupid
35%
was
33%
glimpse
32%
(Glimpse)
32%
our
32%
got
30%
Home
29%
Thinking
29%
knowing
27%
Maybe
22%
looked
21%
No matching quizzes found
Score Distribution
Percent of People with Each Score
Percentile by Number Answered
Your Score History
You have not taken this quiz